Państwa w OPEC - Nagła Śmierć - Statystyki

Ogólne statystyki
  • Ten quiz został rozwiązany 13 razy
  • Średni wynik to 9 z 16
Answers on the Grid
Answers color-coded by a green-red scale on the quiz's grid according to % correct below.
Algieria
Angola
Arabia Saudyjska
Brunei
Chiny
Egipt
Ekwador
Gabon
Gwinea Równikowa
Indonezja
Irak
Iran
Kanada
Katar
Kongo
Kuwejt
Libia
Maroko
Niger
Nigeria
Norwegia
Rosja
Stany Zjednoczone
Sudan
Tunezja
Turcja
Wenezuela
Zjednoczone Emiraty Arabskie
 
Statystyki odpowiedzi
Odpowiedź % Poprawnych
1960– Arabia Saudyjska
83%
1962–2008, 2016 Indonezja
83%
1960– Iran
83%
1961–2019 Katar
83%
1960– Wenezuela
83%
1967–2026 Zjednoczone Emiraty Arabskie
83%
1969– Algieria
67%
1960– Irak
67%
1960– Kuwejt
67%
2007–2023 Angola
50%
2017– Gwinea Równikowa
50%
1962– Libia
50%
1971– Nigeria
33%
1973–1992, 2007–2020 Ekwador
17%
1975–1995, 2016– Gabon
17%
2018– Kongo
0%
Nie znaleziono quizów pasujących do podanych kryteriów
Rozkład punktacji
Procent ludzi z każdym wynikiem
Percentyl według liczby udzielonych odpowiedzi
Twoja historia wyników
Nie rozwiązałeś tego quizu